01711cam a22004214i 4500003000900000005001700009008004100026020001500067035002700082040003300109082001900142100003700161245009200198264005900290300003800349336002100387337002500408338002300433490007400456504002800530505048100558526001001039526001001049526000901059526000901068526000901077526000901086526000901095526000901104526000901113526000801122526000801130526000801138526000801146526000801154630006501162650006201227PE-LiUPU20250731165519.0150623s r 000 0 d a1841271519 a(Sirsi) i9781841271514 aPE-LiUPUbspacPE-LiUPUerda04a225.077bJ2211 aDowning, Francis Gerald,eautor.10aDoing things with words in the first christian century.n200 /cFrancis Gerald Downing. 1aSheffield, England :bSheffield Academic Press,c2000. a268 páginas ;c23 centímetros atext2rdacontent aunmediated2rdamedia avolume2rdacarrier0 aJournal for the Study of the New Testament. Supplement series ;v200 aincluye bibliografía.0 aA bas les aristos. Words as deeds and deeds as words. Words and meanings. Word-processing in the ancient world: The social production and performance of Q. A genre for Q and a socio-cultural context for Q: comparing sets of similarities with sets of differences. Markan intercalation in cultural context. A rival to Romulus. Compositional conventions and the synoptic problem. A paradigm perplex: Luke, Matthew an Mark. Theophilus's first hearing of Luke-Acts. Shifting sands. aSEG44 aSEG26 aP151 aP150 aP149 aP146 aP145 aP126 aP125 aP92 aP75 aP74 aP27 aP15 aBiblia.pN.T.pEvangeliosxCrítica, interpretación, etc.04aVida cristianaxHistoriayÉpoca apostólica ca.30-600.